[Event "AUTO-ADV-161"]
[Site "http://www.queenalice.com/game.php?id=63857"]
[Date "2006.4.17"]
[Round "1"]
[White "guinand"]
[Black "serginh0w"]
[Result "1-0"]
[WhiteElo "1575"]
[BlackElo "1588"]

1. d4 Nf6 2. Nf3 e6 3. Bf4 c5 4. c3 Nc6 5. e3 Be7 6. dxc5 Bxc5 7. b4 Be7 8. b5
Na5 9. Be2 d5 10. Nbd2 O-O 11. h3 Bd7 12. O-O Nc4 13. Nxc4 dxc4 14. Bxc4 Ba3 15.
Qb3 Qa5 16. Ne5 h6 17. Be2 Be7 18. a4 Rfd8 19. Nc4 1-0

[Event "AUTO-ADV-161"]
[Site "http://www.queenalice.com/game.php?id=63858"]
[Date "2006.4.17"]
[Round "1"]
[White "serginh0w"]
[Black "guinand"]
[Result "0-1"]
[WhiteElo "1664"]
[BlackElo "1667"]

1. e4 d5 2. exd5 Qxd5 3. Nc3 Qa5 4. d4 c6 5. Nf3 Nf6 6. Bc4 Bf5 7. Ne5 e6 8. O-O
Nbd7 9. Bd2 Nxe5 10. Nd5 cxd5 11. Bxa5 Nxc4 12. Bc3 Bd6 13. f3 Ne3 14. Qe2 Nxf1
15. Kxf1 O-O 16. h4 h5 17. Re1 Rfc8 18. Qb5 Bxc2 19. Qxb7 Bd3+ 20. Kf2 Rcb8 21.
Qc6 Rd8 22. Ba5 Rac8 23. Qb7 Rb8 24. Qxa7 Rd7 25. Bc7 Rxb2+ 26. Ke3 Rxc7 27.
Qa8+ Kh7 28. Kxd3 Bb4 0-1

[Event "Challenge"]
[Site "http://www.queenalice.com/game.php?id=70307"]
[Date "2006.5.20"]
[Round "-"]
[White "guinand"]
[Black "davidreb"]
[Result "1-0"]
[WhiteElo "1709"]
[BlackElo "1745"]

1. d4 d5 2. c4 Nc6 3. cxd5 Qxd5 4. e3 Nf6 5. Nc3 Qd7 6. d5 Ne5 7. Qd4 Ng6 8. Nf3
a6 9. Bd3 e5 10. Nxe5 Nxe5 11. Qxe5+ Be7 12. O-O Qd6 13. Qg3 b6 14. e4 Qxg3 15.
hxg3 Bb7 16. Bf4 Rc8 17. Rac1 Nd7 18. Rfe1 Nc5 19. Be2 O-O 20. Red1 Rfd8 21. Bg4
Nd7 22. Nb5 axb5 23. Bxc7 Nc5 24. Bxc8 Rxc8 25. d6 Bd8 26. e5 f6 27. Bxd8 Rxd8
28. f4 Kf7 29. b4 Nd7 30. Rc7 Ba8 31. Re1 fxe5 32. Rxe5 1-0

[Event "Challenge"]
[Site "http://www.queenalice.com/game.php?id=79743"]
[Date "2006.6.24"]
[Round "-"]
[White "GribicheLeTroll"]
[Black "guinand"]
[Result "1-0"]
[WhiteElo "2105"]
[BlackElo "1769"]

1. d4 Nf6 2. Nc3 d5 3. Bg5 c6 4. e3 h6 5. Bh4 Nbd7 6. f4 Qb6 7. a3 Ng4 8. Kd2 g5
9. Qxg4 Nf6 10. Qd1 gxh4 11. Nf3 Bg7 12. Nxh4 O-O 13. Bd3 Bg4 14. Nf3 c5 15. Qe1
c4 16. Be2 Qxb2 17. Ne5 Bf5 18. Qb1 Qb6 19. Qxb6 axb6 20. Rhb1 Ra6 21. Bf3 Rd8
22. Rb5 e6 23. Rab1 Rd6 24. a4 h5 25. a5 h4 26. Rxb6 Raxb6 27. axb6 Rd8 28. Ra1
Ne8 29. Nb5 f6 30. Nxc4 dxc4 31. Bxb7 Nd6 32. Nxd6 Rxd6 33. Ra6 Bf8 34. Bf3 Rd8
35. b7 1-0

[Event "Challenge"]
[Site "http://www.queenalice.com/game.php?id=79744"]
[Date "2006.6.24"]
[Round "-"]
[White "guinand"]
[Black "GribicheLeTroll"]
[Result "0-1"]
[WhiteElo "1766"]
[BlackElo "2107"]

1. d4 Nc6 2. Nf3 d5 3. g3 Bg4 4. Bg2 f6 5. h3 Bh5 6. c4 e6 7. cxd5 Qxd5 8. Nc3
Qd7 9. O-O Bd6 10. e4 Nge7 11. Re1 O-O 12. a3 e5 13. dxe5 fxe5 14. Nxe5 Nxe5 15.
Qxh5 Nd3 16. Rd1 Nxf2 17. Rd2 g6 18. Qe2 Qe6 19. e5 Bxe5 20. Nd5 Rae8 21. Nxe7+
Kh8 22. Qe3 Nxh3+ 23. Bxh3 Qxe7 24. Rd7 Qf6 25. Bd2 Bxb2 26. Rf1 Rxe3 27. Bxe3
Qg7 28. Rxg7 Rxf1+ 29. Bxf1 Kxg7 30. a4 a6 31. Kf2 Bc3 0-1

[Event "AUTO-ADV-161"]
[Site "http://www.queenalice.com/game.php?id=89326"]
[Date "2006.7.25"]
[Round "2"]
[White "aarongale"]
[Black "guinand"]
[Result "1-0"]
[WhiteElo "1770"]
[BlackElo "1764"]

1. e4 c5 2. Nf3 d6 3. Bc4 Nf6 4. Nc3 a6 5. d4 b5 6. Bd5 Nxd5 7. Nxd5 e6 8. Nf4
Bb7 9. e5 dxe5 10. dxe5 Qxd1+ 11. Kxd1 Nd7 12. Re1 Be7 13. Be3 O-O 14. g3 Bxf3+
15. Kc1 Nxe5 16. Bd2 Nc4 17. b3 Bf6 18. Rb1 Na3 19. Re3 Nxb1 20. Kxb1 Bc6 21.
Nd3 Rfd8 22. Kc1 1-0

[Event "AUTO-ADV-161"]
[Site "http://www.queenalice.com/game.php?id=89327"]
[Date "2006.7.25"]
[Round "2"]
[White "guinand"]
[Black "aarongale"]
[Result "0-1"]
[WhiteElo "1748"]
[BlackElo "1786"]

1. d4 g6 2. e4 Bg7 3. Nf3 c5 4. dxc5 Qa5+ 5. Nc3 Qxc5 6. Bd3 Bxc3+ 7. bxc3 Qxc3+
8. Bd2 Qf6 9. e5 Qe6 10. O-O Nc6 11. Bc3 d5 12. exd6 Qxd6 13. Bxh8 Nh6 14. Rb1
f6 15. Bg7 Nf5 16. Bxf5 Bxf5 17. Qxd6 exd6 18. Rfe1+ Kd8 19. Rxb7 Na5 20. Bxf6+
Kc8 21. Rxh7 Bd7 22. Rh8+ Kb7 0-1

[Event "AUTO-ADV-161"]
[Site "http://www.queenalice.com/game.php?id=89328"]
[Date "2006.7.25"]
[Round "2"]
[White "charles31"]
[Black "guinand"]
[Result "0-1"]
[WhiteElo "1600"]
[BlackElo "1713"]

1. e4 e5 2. b3 d5 3. exd5 Qxd5 4. Bb2 Nc6 5. Bc4 Qxg2 6. Bxf7+ Kxf7 7. Qf3+ Qxf3
8. Nxf3 Bd6 9. Nc3 Nf6 10. O-O-O Be6 11. Rhg1 Rad8 12. Ng5+ Ke7 13. Nxe6 Kxe6
14. Rxg7 Rhg8 15. Rdg1 Rxg7 16. Rxg7 Rg8 17. Rxg8 Nxg8 18. Ne2 Nf6 19. c4 e4 20.
Ng3 Be5 21. Bxe5 Kxe5 22. a3 Ng4 23. Kd1 Nd4 24. b4 Nxf2+ 25. Ke1 Nd3+ 26. Kf1
Nc2 0-1

[Event "AUTO-ADV-161"]
[Site "http://www.queenalice.com/game.php?id=89329"]
[Date "2006.7.25"]
[Round "2"]
[White "guinand"]
[Black "charles31"]
[Result "1-0"]
[WhiteElo "1724"]
[BlackElo "1647"]

1. d3 e5 2. e4 Nc6 3. Nf3 d5 4. Nc3 d4 5. Nd5 Be6 6. c4 Nf6 7. Bg5 Bb4+ 8. Nxb4
Nxb4 9. Nxe5 h6 10. Qa4+ Nc6 11. Bxf6 gxf6 12. Nxc6 bxc6 13. Qxc6+ Bd7 14. Qc5
Be6 15. g3 a6 16. Bg2 Rb8 17. b3 Rb6 18. O-O Qd7 19. Qh5 Bg4 20. Qc5 Rc6 21. Qa5
Re6 22. Qd2 c5 23. f3 Bh5 24. Bh3 Rg8 25. Bxe6 Qxe6 26. Rab1 Rg6 27. b4 cxb4 28.
Rxb4 Kf8 29. Kg2 Qc8 30. Qb2 Kg7 31. Qxd4 Bg4 32. fxg4 Qxg4 33. Qe3 Qd7 34. c5
h5 35. Rf4 Rg5 36. Rb6 Rxc5 37. Qxc5 1-0

[Event "Challenge"]
[Site "http://www.queenalice.com/game.php?id=94455"]
[Date "2006.8.10"]
[Round "-"]
[White "guinand"]
[Black "valerie973"]
[Result "1-0"]
[WhiteElo "1784"]
[BlackElo "1441"]

1. e4 e5 2. Nf3 d6 3. Nc3 Nf6 4. Bc4 Be6 5. Bxe6 fxe6 6. d3 c5 7. O-O Nc6 8. h3
Be7 9. Be3 Qb6 10. Ng5 Nd4 11. Na4 Qa5 12. c3 Nb5 13. Nxe6 Nh5 14. Bd2 Kd7 15.
c4 Qxa4 16. Nxc5+ dxc5 17. Qxa4 Nf4 18. Bxf4 exf4 19. Qxb5+ Kc7 20. e5 Rad8 21.
Rfd1 Rd4 22. Rd2 Ra8 23. Qa5+ b6 24. Qc3 a5 25. a4 h5 26. f3 g5 27. Kf2 h4 28.
Re2 Rad8 29. Rd1 Bf8 30. Re4 Bg7 31. Rxd4 Rxd4 32. e6 Kd6 33. Re1 Be5 34. Qb3 b5
35. axb5 Kxe6 36. b6 Rd8 37. b7 Kf5 38. Rxe5+ Kxe5 39. b8=Q+ Rxb8 40. Qxb8+ Kd4
41. Qd6# 1-0

[Event "Challenge"]
[Site "http://www.queenalice.com/game.php?id=95484"]
[Date "2006.8.13"]
[Round "-"]
[White "Schrittschwitzer"]
[Black "guinand"]
[Result "0-1"]
[WhiteElo "1642"]
[BlackElo "1786"]

1. e4 d5 2. d3 dxe4 3. dxe4 Qxd1+ 4. Kxd1 Nc6 5. Bb5 Bd7 6. Nc3 O-O-O 7. f3 Bh3+
8. Bd2 Bxg2 9. Ke1 e5 10. Nd5 Bxh1 11. Kf2 f5 12. Ne2 fxe4 13. Rxh1 Rxd5 14.
Bxc6 Rxd2 15. Bxe4 Nf6 16. Bf5+ Kb8 17. Ke3 Rd8 18. f4 exf4+ 19. Nxf4 Bc5+ 20.
Kf3 Rd2 21. Nd3 Bd4 22. Re1 Rxc2 23. Rd1 Re8 24. Re1 Rxe1 25. Nxe1 Rf2+ 26. Kg3
Rxf5 27. Nf3 Ne4+ 28. Kg4 g6 29. Nxd4 h5+ 30. Kh3 Rg5 31. Ne2 Nf2+ 32. Kh4 Rg4#
0-1

[Event "Challenge"]
[Site "http://www.queenalice.com/game.php?id=96872"]
[Date "2006.8.18"]
[Round "-"]
[White "gillou91"]
[Black "guinand"]
[Result "1-0"]
[WhiteElo "2081"]
[BlackElo "1734"]

1. d4 Nf6 2. Bg5 d5 3. e3 h6 4. Bxf6 exf6 5. c4 Bb4+ 6. Nc3 O-O 7. Qb3 Bxc3+ 8.
bxc3 dxc4 9. Bxc4 Bd7 10. Ne2 Nc6 11. Bd3 Qe7 12. Qxb7 Qd6 13. O-O Rab8 14. Qa6
Rb6 15. Qc4 Na5 16. Qc5 Qxc5 17. dxc5 Re6 18. Bf5 Re7 19. Bxd7 Rxd7 20. Rfd1
Rxd1+ 21. Rxd1 Rb8 22. Kf1 Rb5 23. Rd8+ Kh7 24. Nd4 1-0

[Event "AUTO-OPEN-251"]
[Site "http://www.queenalice.com/game.php?id=98210"]
[Date "2006.8.22"]
[Round "2"]
[White "Edgar"]
[Black "guinand"]
[Result "1-0"]
[WhiteElo "2031"]
[BlackElo "1780"]

1. e4 c5 2. Bc4 e6 3. Nf3 d5 4. exd5 exd5 5. Bb5+ Bd7 6. Bxd7+ Qxd7 7. O-O Bd6
8. Qe2+ Ne7 9. d4 cxd4 10. Nxd4 Nc6 11. Be3 O-O 12. Nxc6 Nxc6 13. Rd1 d4 14. Bd2
Rac8 15. Qb5 Rfe8 16. Re1 a6 17. Qb3 Qc7 18. h3 1-0

[Event "AUTO-OPEN-251"]
[Site "http://www.queenalice.com/game.php?id=98211"]
[Date "2006.8.22"]
[Round "2"]
[White "guinand"]
[Black "Edgar"]
[Result "0-1"]
[WhiteElo "1774"]
[BlackElo "2037"]

1. e4 e5 2. Nf3 Nc6 3. Nc3 Nf6 4. g3 d5 5. exd5 Nxd5 6. Bg2 Nxc3 7. bxc3 Bc5 8.
O-O O-O 9. Re1 Bg4 10. h3 Bh5 11. g4 Bg6 12. Nxe5 Nxe5 13. Rxe5 Bd6 14. Rb5 f5
15. Bxb7 Qd7 16. Rxf5 Bxf5 17. Bxa8 Rxa8 18. gxf5 Qxf5 0-1